[Event "EICC 2017"]
[Site "Minsk"]
[Date "2017.06.03"]
[Round "5"]
[White "Popov, Ivan"]
[Black "Drozdowski, Kacper"]
[Result "1-0"]
[WhiteElo "2618"]
[BlackElo "2478"]
[Annotator "TA"]
[PlyCount "113"]
[EventDate "2017.??.??"]
[EventCountry "BLR"]
[SourceTitle "playchess.com"]
[Source "ChessBase"]
[SourceQuality "1"]

{[%evp 11,113,29,45,44,30,38,44,28,24,31,45,22,61,58,57,43,59,75,59,70,68,56,72,75,62,73,70,58,70,8,62,54,81,93,83,99,108,110,144,137,145,107,116,110,120,106,130,119,127,18,10,0,108,77,110,103,145,0,0,0,43,1,60,37,53,21,18,18,18,19,78,73,70,104,58,80,245,245,233,253,255,225,208,210,243,235,352,353,558,568,553,539,886,830,29977,29978,29978,29979,6444,1590,29991,29992,29992,29986]} 1. e4 c5 2. Nf3 e6 3. d4 cxd4 4. Nxd4 Nc6 5. Nc3 Qc7 6. Be3 a6 7. Qf3 {B48: Sicilian: Taimanov: 5 Nc3 Qc7 6 Be3 a6 without Be2} Nxd4 (7... Nf6 8. O-O-O Rb8 9. Be2 d6 10. Qg3 Nxd4 11. Bxd4 e5 12. Ba7 Ra8 13. Be3 b5 14. f4 Bb7 15. fxe5 Nxe4 16. Nxe4 Bxe4 {1-0 (42) Nepomniachtchi,I (2767)-Adhiban,B (2666) Doha 2016}) 8. Bxd4 b5 9. Qg3 {White is slightly better.} Qxg3 10. hxg3 Bb7 11. O-O-O Rc8 12. f3 Ne7 13. g4 (13. a4 $5 {[%cal Ra4b5]}) 13... d5 $146 ({Predecessor:} 13... f6 14. Be3 d5 15. exd5 Nxd5 16. Nxd5 Bxd5 {1-0 (51) Vuckovic,B (2558)-Vratonjic,S (2409) Kraljevo 2015}) 14. exd5 Nxd5 15. Nxd5 Bxd5 {[#]} 16. a4 $1 {[%mdl 512]} Bb3 (16... bxa4 17. Bxa6) 17. Rd2 Bb4 18. c3 O-O 19. axb5 axb5 20. Kb1 (20. Bxb5 $14 h6 21. Kb1) 20... Be7 (20... Bc5 $11) 21. Bxb5 $14 Ra8 22. Bc6 $36 {[%mdl 2048] Black is under strong pressure.} Ra6 23. Bb7 Ra4 24. Be3 h6 25. Rd7 Bf6 26. Bc5 Rb8 27. Bd6 Re8 28. Re1 Ra7 29. Bc5 Ra5 30. Bb4 (30. Bd4 $16) 30... Ra7 $1 $11 31. Bc5 ({Better is} 31. Bd6 $11) 31... Ra5 $16 32. Bf2 Ba4 33. Rc7 Rb8 34. Re4 (34. b4 $16 Rb5 35. Be4) 34... Bb5 $1 $11 {[%cal Rb5d3] ...Bd3+ is the strong threat.} 35. Rb4 {Strongly threatening Be4.} Bd3+ 36. Kc1 Ra1+ 37. Kd2 Bf1 38. Rc8+ Rxc8 39. Bxc8 Bxg2 40. Bb7 Be7 {[#]} (40... g6 $11 {remains equal.}) 41. Rc4 $1 $16 f5 42. Bc8 Kf7 43. Rc6 Bxf3 $2 (43... Rd1+ $16 {was called for.} 44. Ke2 (44. Kxd1 Bxf3+ 45. Kd2 Bxc6 $15) 44... Rd6 45. Rxd6 Bxd6) 44. Bxe6+ $18 Ke8 45. Rc8+ Bd8 46. Bxf5 ({Don't play} 46. gxf5 Ra8 $18) 46... Ra6 47. Ke3 Bd5 48. Kd4 Bf7 (48... Bb7 $142) 49. c4 g6 (49... Be6 {keeps fighting.} 50. Bxe6 Rxe6) 50. Bh4 $1 {[%csl Gh4][%cal Rc8d8]} g5 51. Bg3 h5 52. Bc7 Rc6 53. Rxd8+ Ke7 54. Rd7+ Ke8 55. c5 {aiming for Bd6.} hxg4 56. Bd6 g3 57. Re7+ {Precision: White = 62%, Black = 35%.} 1-0

[Event "EICC 2017"]
[Site "Minsk"]
[Date "2017.06.03"]
[Round "5"]
[White "Kozul, Zdenko"]
[Black "Matlakov, Maxim"]
[Result "1/2-1/2"]
[WhiteElo "2617"]
[BlackElo "2714"]
[Annotator "TA"]
[PlyCount "54"]
[EventDate "2017.??.??"]
[EventCountry "BLR"]
[SourceTitle "playchess.com"]
[Source "ChessBase"]
[SourceQuality "1"]

{[%evp 17,54,0,29,-6,0,-16,0,-4,-5,-16,-15,-28,-16,-5,-10,-20,-17,-12,0,-14,0,-3,0,2,0,0,0,0,0,0,0,0,0,0,0,-9,0,-7,0]} 1. d4 Nf6 2. c4 e6 3. g3 d5 4. Bg2 Bb4+ 5. Bd2 Be7 6. Nf3 O-O 7. O-O Nbd7 8. Qc2 c6 9. Rc1 {E11: Bogo-Indian} (9. Rd1 b6 10. b3 a5 11. Bc3 Ne4 12. Ne5 Nxe5 13. Bxe4 f5 14. Bxd5 exd5 15. dxe5 f4 16. cxd5 cxd5 17. Bd4 Ba6 18. Qc6 Bxe2 {½-½ (28) Ding,L (2773)-Giri,A (2785) Moscow 2017}) 9... b6 {LiveBook: 6 Games} 10. b4 Bb7 11. Be1 $146 ({Predecessor:} 11. Qb3 dxc4 12. Qxc4 c5 13. bxc5 bxc5 14. Qb5 Rb8 15. Qa4 Qb6 16. Be3 cxd4 17. Bxd4 Bc5 18. Bxc5 Nxc5 19. Qd4 Nfe4 20. Nc3 Rfd8 21. Qe3 Nxc3 {½-½ (21) Petrov,J (2428)-Dizdar,G (2551) Sibenik 2008}) 11... c5 12. bxc5 bxc5 13. Nbd2 Rc8 14. Qd1 Nb6 15. cxd5 {The position is equal.} Bxd5 16. dxc5 Bxc5 17. a4 {[%cal Ba2a4,Ba4a5][%mdl 32]} Qe7 18. a5 Nbd7 19. Nb3 Bb4 20. Nfd4 {[%cal Bf3d4,Bd4c2,Bc2e3][%mdl 32] Hoping for Bxd5.} Bxe1 21. Qxe1 Bxg2 22. Kxg2 e5 23. Nc2 Qe6 24. Nd2 Rc5 {[#] White must now prevent ...Qc6+.} 25. Ne3 Rfc8 26. Rxc5 Rxc5 27. Nf3 $1 g6 {Precision: White = 74%, Black = 56%.} 1/2-1/2

[Event "EICC 2017"]
[Site "Minsk"]
[Date "2017.06.03"]
[Round "5"]
[White "Tomczak, Jacek"]
[Black "Polivanov, Anatoliy"]
[Result "1-0"]
[WhiteElo "2615"]
[BlackElo "2401"]
[Annotator "TA"]
[PlyCount "113"]
[EventDate "2017.??.??"]
[EventCountry "BLR"]
[SourceTitle "playchess.com"]
[Source "ChessBase"]
[SourceQuality "1"]

{[%evp 20,113,38,43,49,18,52,45,23,34,26,24,26,8,22,15,17,25,33,45,43,-15,-15,-20,-2,-29,-25,-31,16,0,23,23,45,0,0,7,58,62,78,65,50,54,65,45,52,43,39,37,77,30,25,0,28,27,20,-39,47,0,134,0,190,131,122,133,105,105,120,81,102,87,197,111,98,100,100,99,146,129,207,203,328,239,250,251,250,250,320,301,301,291,559,561,12837,12836,12841,12842]} 1. e4 c5 2. Nf3 e6 3. d4 cxd4 4. Nxd4 Nf6 5. Nc3 Nc6 6. Nxc6 bxc6 7. e5 Nd5 8. Ne4 Qc7 9. f4 Rb8 {B45: Sicilian Four Knights} 10. a3 Qa5+ 11. c3 {LiveBook: 3 Games} Qb6 {White is slightly better.} 12. Bd3 Be7 13. Qe2 $1 {[#]} f5 $146 ({Predecessor:} 13... a5 14. c4 f5 15. exf6 Nxf6 16. Rb1 Nxe4 17. Bxe4 Qd4 18. b3 d5 {1-0 (38) Yu,Y (2677)-Muzychuk,A (2566) Wijk aan Zee 2014}) 14. Nf2 O-O 15. O-O a5 16. Bd2 a4 17. c4 Nc7 {[%cal Bd5c7,Bc7a6,Ba6c5,Bc5b3][%mdl 32]} 18. Bc3 Na6 19. Bc2 Nc5 20. Rad1 ({Better is} 20. Bb4 $14) 20... Nb3 $11 21. Rd3 c5 22. Rh3 (22. Qh5 $5 {[%cal Rd3h3]} g6 23. Rg3 $15) 22... Rf7 23. Bxb3 axb3 24. Nd1 Bb7 25. Be1 Bc6 26. Bh4 Bxh4 27. Rxh4 Qd8 (27... d6 $11) 28. Rh3 $1 $14 (28. Qh5 g6 $17) 28... g5 29. fxg5 Rg7 30. Rg3 Rxg5 31. Qe3 Rxg3 32. hxg3 Qe7 33. Nf2 Kh8 34. Nd3 Rg8 35. Nf4 Qg7 36. Kf2 Be4 37. Qc3 (37. Rd1 $1 $11) 37... Qh6 (37... d5 $1 $15 38. exd6 Qxc3 39. bxc3 Rd8 40. Nxe6 Rxd6 41. Nxc5 Bc2) 38. Rd1 Qg7 (38... Qh2 $11 {keeps the balance.}) 39. Rh1 (39. a4 $1 $16) 39... Bc6 $2 (39... d5 $1 $11 {and Black is okay.}) 40. Rh4 ({White should play} 40. Nh5 $1 $18 {[%cal Rh5g7]} Qf8 41. Nf6 (41. Qxb3 Qh6 $16)) 40... d6 $16 41. Nxe6 Qxe5 42. Qxe5+ dxe5 43. Nxc5 {[%mdl 4096] Endgame KRB-KRN} f4 44. Rh3 $1 ({But not} 44. gxf4 $6 Rxg2+ 45. Ke1 Bf3 $11) 44... Rd8 (44... Rg4 $16) 45. Nxb3 (45. gxf4 $1 $18 Rd2+ 46. Ke1 Rxb2 47. Rxb3 (47. fxe5 Rxg2 48. Rxb3 h5 $18) 47... Rxb3 48. Nxb3) 45... Bd7 46. Rh6 {aiming for Rd6.} Rb8 47. Nc5 Rxb2+ 48. Kf3 Bf5 (48... Kg7 $16 {might work better.}) 49. Rf6 $1 $18 {[%cal Rf6f5]} Bg6 (49... Bc2 $142 50. gxf4 Bd1+ 51. Ke4 Re2+ 52. Kd5 exf4) 50. gxf4 e4+ 51. Kg3 Kg7 52. Re6 Rc2 53. Nxe4 Rxc4 {[#]} 54. Nd6 $1 Rc3+ $2 (54... Rc5 {keeps fighting.} 55. Kh4 Rh5+ 56. Kg4 Rd5) 55. Kh4 {White is clearly winning.} Rxa3 56. f5 Ra4+ {[#]} 57. g4 $1 {Precision: White = 56%, Black = 41%.} 1-0

[Event "EICC 2017"]
[Site "Minsk"]
[Date "2017.06.03"]
[Round "5"]
[White "Melkumyan, Hrant"]
[Black "Khismatullin, Denis"]
[Result "1-0"]
[WhiteElo "2613"]
[BlackElo "2651"]
[Annotator "TA"]
[PlyCount "75"]
[EventDate "2017.??.??"]
[EventCountry "BLR"]
[SourceTitle "playchess.com"]
[Source "ChessBase"]
[SourceQuality "1"]

{[%evp 18,75,40,35,38,18,43,40,38,26,38,29,47,27,25,30,25,22,27,28,28,29,33,0,47,37,42,31,45,44,104,74,243,237,267,266,244,190,182,134,285,274,291,250,308,276,326,320,323,323,320,315,350,341,397,379,538,534,499,483]} 1. d4 Nf6 2. c4 e6 3. g3 d5 4. Bg2 dxc4 5. Nf3 Bb4+ 6. Bd2 a5 7. a3 {E04: Open Catalan: 5 Nf3} Be7 8. Qa4+ Bd7 9. Qxc4 Bc6 10. Nc3 {LiveBook: 3 Games} Ne4 11. O-O (11. Qd3 $5 {[%cal Rc3e4]} Nxd2 12. Qxd2 $14) 11... Nd7 12. Rfd1 $146 ({Predecessor:} 12. Bf4 Nxc3 13. bxc3 Bd6 14. Bg5 Be7 15. Bxe7 Qxe7 {½-½ (71) Eljanov,P (2719)-Korobov,A (2680) Lvov 2014}) 12... O-O 13. Bf4 Nxc3 14. Qxc3 Nb6 15. Qd3 (15. e4 $5) 15... Nd5 16. Bd2 Nf6 17. Ne5 Bxg2 18. Kxg2 Qd5+ 19. f3 Rfd8 20. Bc3 b5 21. e4 Qb7 22. a4 $36 {[%mdl 2048] White is more active.} b4 23. Be1 c5 {[#]} (23... Nd7 $14 24. Nc4 c5) 24. Qb5 $1 $16 {[%cal Rb5b7]} Qxb5 $2 (24... Qc7 $16) 25. axb5 $18 cxd4 26. Nc6 Rd7 27. Nxe7+ ({Weaker is} 27. Nxd4 Rad8 $11) 27... Rxe7 {[#]} 28. Bxb4 $1 {[%mdl 512]} Rd7 $2 (28... Rb7 $16) (28... axb4 29. Rxa8+) 29. Rxa5 Rxa5 30. Bxa5 {[%mdl 4096] Endgame KRB-KRN} Kf8 31. Rc1 {And now Rc8+ would win.} Rb7 32. b6 {Strongly threatening Rc7.} Ke7 33. Kf2 e5 34. Ke2 Kd7 35. Kd3 Ne8 36. Rc5 Kd6 (36... f6 {was called for.} 37. f4 Ke6) 37. Rd5+ Ke6 38. f4 {Precision: White = 75%, Black = 43%.} 1-0

[Event "EICC 2017"]
[Site "Minsk"]
[Date "2017.06.03"]
[Round "5"]
[White "Alekseev, Evgeny"]
[Black "Kantans, Toms"]
[Result "0-1"]
[WhiteElo "2610"]
[BlackElo "2473"]
[Annotator "TA"]
[PlyCount "120"]
[EventDate "2017.??.??"]
[EventCountry "BLR"]
[SourceTitle "playchess.com"]
[Source "ChessBase"]
[SourceQuality "1"]

{[%evp 23,120,8,29,0,25,22,41,38,38,44,47,36,50,27,29,27,29,29,27,31,23,20,35,0,22,0,16,25,29,27,27,30,46,44,22,0,0,0,0,0,0,0,0,0,0,-9,0,0,0,0,0,-12,-4,-11,0,-13,-18,-24,-31,-38,-16,-66,-14,-10,0,0,0,0,0,0,0,0,0,0,0,-90,-96,-102,-103,-83,-85,-90,-99,-272,-264,-348,-343,-317,-325,-357,-343,-488,-426,-2763,-2382,-2402,-1850,-12840,-12840]} 1. e4 c5 2. Nf3 d6 3. d4 cxd4 4. Nxd4 Nf6 5. Nc3 a6 6. Be2 e5 7. Nb3 Be6 8. O-O Nbd7 9. a4 {[%cal Ba2a4,Ba4a5][%mdl 32]} Rc8 {B92: Sicilian Najdorf: 6 Be2} 10. Re1 Be7 11. Bf3 O-O 12. a5 Nc5 {LiveBook: 8 Games} (12... Rc4 13. Be3 Qc7 14. Nd2 Rc6 15. Nf1 Rc8 16. h3 Qb8 17. Bg5 {0-1 (63) Kosteniuk,A (2553)-So,W (2773) Chess Supersite INT 2016}) 13. Be3 Qc7 14. Nd2 {[%cal Bb3d2,Bd2f1,Bf1g3][%mdl 32]} Bd7 $146 ({Predecessor:} 14... Ncd7 15. Nf1 Rfe8 16. h3 b5 17. axb6 Nxb6 18. Rxa6 Nc4 19. Bc1 Qb7 20. Ra2 Rc5 21. b3 {0-1 (32) Alsina Leal,D (2549)-Paikidze,N (2416) Biel 2011}) 15. Nf1 b5 16. axb6 Qxb6 17. Rb1 {[#] Strongly threatening b4.} Qb7 18. Ng3 Rfe8 19. Bg5 Be6 20. Nf1 Ncd7 21. Ne3 h6 22. Bh4 Qb4 23. h3 Bd8 24. Re2 {[%cal Be1e2,Be2d2,Bd2d5][%mdl 32]} Nb6 25. Rd2 Nh7 26. Bxd8 Rexd8 27. Ncd5 Bxd5 28. c3 ({Much weaker is} 28. Rxd5 Nxd5 29. Nxd5 Qb7 $17) 28... Qc5 {aiming for ...Be6.} 29. Nxd5 Nxd5 30. Rxd5 Qb6 31. Qc2 Nf6 32. Rd2 Rc6 33. Rbd1 Rb8 34. Re1 a5 35. Ra1 g6 36. Qa4 Rc5 37. Be2 Kg7 38. Rad1 Qb7 39. Bd3 h5 {[%cal Bh6h5,Bh5h4][%mdl 32]} 40. Re1 h4 41. Qd1 Qc6 42. Qe2 Rb6 ({Black should play} 42... a4 $15) 43. Ra1 $11 Qb7 44. Ra2 d5 {[%cal Rd5e4]} 45. exd5 Rxd5 {And now ...Rbd6 would win.} 46. Bc4 Rc5 47. b3 Ne4 48. Rd3 $1 Nd6 49. Rad2 (49. Qe3 $11 Qc7 50. Rd5 Rxd5 51. Bxd5) 49... Nxc4 $17 50. bxc4 {[#]} Rb1+ $1 51. Kh2 {Black must now prevent Qe3.} e4 52. Rd6 {next Qe3 is good for White.} Qe7 $36 {[%mdl 2048] Hoping for ...Qe5+. Black is on the roll.} 53. Rd1 $2 (53. f4 $17) 53... Rxd1 $19 54. Rxd1 {[%mdl 4096] Endgame KQR-KQR} Qc7+ 55. Kg1 Rxc4 56. Qe3 a4 {[%cal Ba5a4,Ba4a3][%mdl 32]} ({Weaker is} 56... Rxc3 57. Qxe4 Rc1 58. Qd4+ f6 59. Rxc1 $17) 57. Qd2 (57. Ra1 $142) 57... a3 {Black is clearly winning.} 58. Qd5 (58. Rc1 $142) 58... Rxc3 59. Qd4+ Kg8 60. Qxe4 Rc1 {Precision: White = 48%, Black = 65%.} 0-1

[Event "EICC 2017"]
[Site "Minsk"]
[Date "2017.06.03"]
[Round "5"]
[White "Parligras, Mircea-Emilian"]
[Black "Schekachikhin, Maksim"]
[Result "1/2-1/2"]
[WhiteElo "2607"]
[BlackElo "2395"]
[Annotator "TA"]
[PlyCount "72"]
[EventDate "2017.??.??"]
[EventCountry "BLR"]
[SourceTitle "playchess.com"]
[Source "ChessBase"]
[SourceQuality "1"]

{[%evp 24,72,0,0,0,0,14,14,14,11,14,19,17,13,13,15,14,15,7,16,22,14,27,14,14,14,24,20,19,7,0,-26,-27,-110,-92,-99,0,-5,0,0,6,0,0,-13,-13,-14,-13,-15,-16,-15,-18]} 1. d4 d5 2. c4 c6 3. Nf3 Nf6 4. Nc3 e6 {[%cal Be7e6,Be6e5][%mdl 32]} 5. e3 Nbd7 6. Qc2 Bd6 7. Be2 O-O 8. O-O dxc4 9. Bxc4 e5 10. h3 h6 11. Bb3 {D46: Semi-Slav: 5 e3 Nbd7 6 Bd3, Black avoids the Meran} (11. Rd1 Qc7 12. a3 Re8 13. Ba2 exd4 14. exd4 Nf8 15. d5 Nxd5 16. Nxd5 cxd5 17. Qxc7 Bxc7 18. Bxd5 Bb6 {½-½ (33) Cheparinov,I (2685)-Goganov,A (2600) Gjakova 2016}) 11... Re8 12. a3 Qc7 13. Rd1 {LiveBook: 5 Games} a6 14. Ba2 c5 $146 ({Predecessor:} 14... exd4 15. exd4 Nf8 16. Be3 Be6 17. Bxe6 Nxe6 18. Qf5 Bf4 {1-0 (70) Botsari,A (2326)-Brunello,M (2315) Porto Rio 2014}) 15. dxc5 Nxc5 16. b4 Nce4 17. Bb2 Bf5 18. Rac1 Nxc3 19. Qxc3 Qe7 20. Qd2 Rad8 21. Qe2 Be4 22. Nd2 Bc6 23. Nc4 (23. Rxc6 $5 bxc6 24. Qxa6 $11) 23... Bc7 24. Na5 Bxa5 (24... Be4 {with more complications.} 25. f3 Rxd1+ 26. Rxd1 b6 27. fxe4 bxa5 28. bxa5 Bxa5 29. Qxa6 Qc5) 25. bxa5 Ne4 26. Rxd8 Qxd8 27. Bc4 Qxa5 {[#]} 28. Bxa6 $1 {[%mdl 512]} Rd8 $17 {Threatens to win with ...Rd2.} (28... Qxa6 29. Qxa6) 29. Bd3 {[#] And now Rxc6! would win.} Qd5 (29... Nxf2 $1 $17 {[%mdl 512]} 30. Kxf2 (30. Qxf2 Rxd3) 30... e4) 30. Bc4 $11 {The position is equal.} Qd6 31. Qh5 $36 {[%mdl 2048] White has some pressure.} Qf6 32. f3 ({Avoid the trap} 32. Qxe5 $2 Qxf2+ 33. Kh2 Nf6 $19) 32... Ng5 {White must now prevent ...Rd2.} 33. h4 Nxf3+ $1 34. gxf3 Bxf3 35. Qxf7+ Qxf7 36. Bxf7+ Kxf7 {Precision: White = 64%, Black = 64%.} 1/2-1/2

[Event "EICC 2017"]
[Site "Minsk"]
[Date "2017.06.03"]
[Round "5"]
[White "Rozum, Ivan"]
[Black "Girya, Olga"]
[Result "0-1"]
[WhiteElo "2606"]
[BlackElo "2476"]
[Annotator "TA"]
[PlyCount "152"]
[EventDate "2017.??.??"]
[EventCountry "BLR"]
[SourceTitle "playchess.com"]
[Source "ChessBase"]
[SourceQuality "1"]

{[%evp 17,152,15,27,4,10,11,10,0,14,12,8,8,16,6,1,0,0,0,0,0,0,0,0,0,0,0,0,0,32,11,14,0,0,0,0,-21,0,0,0,0,0,0,0,0,16,14,27,11,8,0,0,-13,-13,-18,0,0,0,0,0,0,0,0,0,0,0,0,0,0,0,0,0,0,0,0,0,0,0,0,0,0,0,0,0,0,0,0,0,0,0,0,0,0,0,-12847,-12847,-12848,-12848,-12849,-12849,-12850,-12850,-12850,-12851,-12851,-12851,-12851,-12851,-12851,-12851,-12851,-12851,-12851,-12851,-12851,-12851,-12851,-12851,-12851,-12851,-12851,-29954,-29971,-29972,-29974,-29975,-29979,-29980,-29980,-29981,-29981,-29982,-29982,-29983,-29983,-29984,-29984,-29985]} 1. e4 c6 2. Nc3 d5 3. Nf3 dxe4 4. Nxe4 Nf6 5. Nxf6+ exf6 6. Bc4 Bd6 7. Qe2+ Qe7 8. Qxe7+ {B11: Caro-Kann: Two Knights Variation} Kxe7 9. O-O Re8 {LiveBook: 4 Games} (9... Rd8 10. d4 Bg4 11. Nd2 Kf8 12. c3 Bf5 13. Re1 Nd7 14. Ne4 Be7 15. Ng3 Bg6 {0-1 (69) Karjakin,S (2785)-Nakamura,H (2779) Doha 2016}) 10. a4 $146 {White has an edge.} ({Predecessor:} 10. Re1+ Kf8 11. Rxe8+ Kxe8 12. d4 Bf5 13. c3 Nd7 14. Bd2 Kf8 15. a4 Nb6 {½-½ (28) Jovanovic,Z (2508)-Berkes,F (2659) Schwarzach 2015}) 10... Kf8 11. d3 Nd7 12. Be3 Ne5 13. Nxe5 fxe5 14. a5 a6 15. Bb6 Be6 16. Rfe1 Rac8 17. Bxe6 Rxe6 18. Ra4 f5 19. g4 g6 20. Re3 Rce8 21. gxf5 gxf5 22. Rh4 R8e7 23. Rh5 f4 24. Re4 Kg7 25. Rg5+ Rg6 26. Rg2 Rxg2+ 27. Kxg2 $11 {[%mdl 4096] Endgame KRB-KRB} Kg6 28. Kf3 Kf5 29. d4 exd4 30. Rxd4 Re6 31. h4 Rg6 32. Bd8 h6 33. h5 Be5 $1 {[%cal Re5d4]} 34. Rd7 (34. Re4 $5 {[%cal Re4e5]} Rg7 35. Rb4 $11) 34... Rg7 35. Rd3 Rg1 36. Rb3 Rd1 37. Be7 Rd2 38. Rxb7 Rxc2 (38... Bd4 $5 39. Bh4 $8 Rxc2 $14) 39. Ba3 Bd4 {[%csl Gd4][%cal Rc2f2] [#]} 40. Rf7+ Kg5 41. Ke4 Bxb2 42. Rf5+ Kg4 43. Rxf4+ Kxh5 44. Rf5+ Kg6 (44... Kg4 $5 {[%cal Rc2e2]} 45. Bxb2 Re2+ 46. Kd3 Rxb2 $11) 45. Bxb2 $1 Rxb2 {KR-KR} 46. Rc5 Rxf2 {Strongly threatening ...Rf6.} 47. Rxc6+ Rf6 48. Rb6 Kg5 49. Ke3 Kf5 50. Kf3 Re6 51. Rb8 Ke5 52. Ke3 Kd5+ 53. Kd3 Kc5 54. Kc3 h5 {And now ...Rh6 would win.} 55. Rh8 $2 {[%mdl 8192]} (55. Kd3 $11) 55... Re3+ $19 56. Kc2 {[#]} Re5 $1 57. Kc3 Kb5 58. Kd4 Rg5 59. Rh6 Kxa5 60. Kc4 Rg4+ 61. Kb3 Rg3+ 62. Kc4 Rg5 63. Rf6 Rg4+ 64. Kb3 h4 65. Rf5+ Kb6 66. Rf6+ Kb7 67. Rf7+ Kc6 68. Rf6+ Kd5 69. Rxa6 {Black mates.} Ke4 70. Kc3 Kf3 71. Kd3 h3 {[%cal Bh4h3,Bh3h2][%mdl 32]} 72. Rf6+ Kg2 73. Ke2 h2 74. Rf2+ Kh3 75. Rf3+ Rg3 76. Rf1 Rg1 {Precision: White = 54%, Black = 80%.} 0-1

[Event "EICC 2017"]
[Site "Minsk"]
[Date "2017.06.03"]
[Round "5"]
[White "Mchedlishvili, Mikheil"]
[Black "Santos Ruiz, Miguel"]
[Result "1/2-1/2"]
[WhiteElo "2605"]
[BlackElo "2473"]
[Annotator "TA"]
[PlyCount "90"]
[EventDate "2017.??.??"]
[EventCountry "BLR"]
[SourceTitle "playchess.com"]
[Source "ChessBase"]
[SourceQuality "1"]

{[%evp 11,90,11,11,11,13,0,0,0,15,-2,0,0,30,29,26,21,25,21,29,40,34,28,30,22,27,29,19,16,24,38,68,80,79,70,75,73,70,30,63,0,0,0,42,43,43,42,48,0,-60,1,51,61,45,0,0,0,9,0,0,0,0,0,2,0,7,0,0,0,0,0,0,0,0,0,0,0,0,0,0,0,0]} 1. e4 c5 2. Nf3 d6 3. Bb5+ Nd7 4. d4 cxd4 5. Qxd4 a6 6. Bxd7+ Bxd7 7. c4 {B51: Sicilian: Moscow Variation (3 Bb5+) without 3...Bd7} Nf6 8. Nc3 g6 9. O-O Bg7 10. Qd3 O-O 11. a4 Qb6 $146 ({Predecessor:} 11... Rc8 12. Bd2 Bg4 13. b3 Nd7 14. Rab1 Nc5 15. Qe3 f5 16. exf5 Bxf5 {0-1 (49) Fressinet,L (2668)-Bacrot,E (2696) Balagna 2017}) 12. Be3 Qb4 13. Bd4 Rac8 14. Nd2 Be6 {[%cal Re6c4]} 15. b3 Nd7 {[#] Strongly threatening ...Nc5.} 16. Bxg7 Kxg7 17. f4 Nc5 18. Qd4+ f6 19. Rab1 Qb6 20. Nf3 Bg4 21. Nd5 Qd8 22. e5 dxe5 23. fxe5 Be6 24. exf6+ (24. a5 $5) 24... exf6 25. Ng5 (25. Rfe1 $1 $14) 25... Bxd5 $11 26. cxd5 {[#] Threatens to win with b4.} Kg8 27. b4 Nb3 $1 {[%cal Rb3d4]} 28. Rxb3 fxg5 29. d6 {aiming for d7.} Rxf1+ 30. Kxf1 {[%mdl 4096] Endgame KQR-KQR} Qd7 31. Rf3 Qe6 {( -> ...Rc1+)} 32. Qd2 (32. Kg1 {is more complex.} Rd8 33. Rf6 Qe1+ 34. Rf1 Qe6 35. Rd1) 32... Rd8 {The position is equal.} 33. Rd3 Rd7 34. Kg1 g4 35. Rd4 Kg7 36. Rd5 Qe4 37. Qc3+ Kh6 $1 38. Rd1 Qf4 39. Qc5 (39. g3 $5 {[%cal Rg3f4]} Qe4 40. Qd2+ g5 41. a5 $11) 39... Kg7 40. b5 (40. Qc8 $5 {[%cal Rc8d7]} Qe3+ 41. Kh1 $14) 40... axb5 41. axb5 h5 42. b6 Qf5 43. Qd4+ Qf6 44. Qd5 Qf5 (44... Rf7 $5 {[%cal Rf6f2]} 45. Qc4 Rd7 $14) 45. Qd4+ Qf6 {Precision: White = 77%, Black = 67%.} 1/2-1/2

[Event "EICC 2017"]
[Site "Minsk"]
[Date "2017.06.03"]
[Round "5"]
[White "Vocaturo, Daniele"]
[Black "Meribanov, Vitaly"]
[Result "1/2-1/2"]
[WhiteElo "2604"]
[BlackElo "2385"]
[Annotator "TA"]
[PlyCount "72"]
[EventDate "2017.??.??"]
[EventCountry "BLR"]
[SourceTitle "playchess.com"]
[Source "ChessBase"]
[SourceQuality "1"]

{[%evp 9,72,33,47,61,70,50,122,122,128,123,118,127,128,60,74,60,60,61,60,65,65,55,70,64,114,78,59,58,112,90,102,98,108,104,106,106,104,59,122,110,110,67,64,0,0,-205,-196,-207,-148,-157,-149,-147,0,0,0,0,0,0,0,0,0,0,0,0,0]} 1. d4 Nf6 2. Nf3 e6 3. Bf4 c5 4. e3 b6 5. Nc3 a6 6. d5 {A47: 1 d4 Nf6 2 Nf3 b6: Torre, London and Colle Systems} d6 7. dxe6 Bxe6 (7... fxe6 $14 8. Bd3 Bb7) 8. Ng5 $1 $16 {White is better.} d5 9. Nxe6 fxe6 {[#]} 10. g4 $1 g6 $146 {[#]} ({Predecessor:} 10... h6 11. Bg2 Bd6 12. Ne2 Nc6 {½-½ (62) Karjakin,S (2766)-Ni,H (2693) Doha 2015}) 11. h4 (11. Qf3 $1 $16) 11... Bd6 $1 $14 12. Bxd6 (12. h5 $5 {[%cal Rh5g6]} Bxf4 13. exf4 $11) 12... Qxd6 13. g5 Nh5 $1 14. Be2 Ng3 $1 {[%cal Rg3h1]} 15. Rh3 Nxe2 16. Qxe2 Nc6 17. O-O-O Qe7 18. Rdh1 h5 (18... Rf8 $14) 19. gxh6 $1 $16 Rxh6 20. h5 Rxh5 21. Rxh5 gxh5 22. Rxh5 Qg7 23. Na4 Ne5 ({Black should try} 23... Ke7 $14) 24. Nxb6 Rb8 25. Na4 Nc4 {Threatens to win with ...Rb4.} 26. c3 ({White should play} 26. Rh1 $14) 26... Qg1+ $11 27. Qd1 $2 (27. Kc2 $1 $11 {and White stays safe.} Na3+ 28. Kd2 (28. bxa3 $2 Qb1+ 29. Kd2 Qxa2+ 30. Ke1 Rb1+ 31. Qd1 Rxd1+ 32. Kxd1 Qb3+ 33. Kd2 Qxa4 $19) 28... Nc4+ 29. Kc2) 27... Qxf2 $19 (27... Qxd1+ 28. Kxd1 Rb5 29. b3 $16) 28. Qd3 {aiming for Rh8+.} Qe1+ ({Worse is} 28... Nxe3 29. Qg6+ Kf8 30. Qh6+ Ke7 31. Qg7+ Qf7 32. Qxf7+ Kxf7 33. Nxc5 $14) ({Weaker is} 28... Nxb2 29. Rh8+ Ke7 30. Qh7+ Kd6 31. Rxb8 $18) 29. Qd1 Qxe3+ 30. Kb1 {Strongly threatening Rh8+.} Qe4+ (30... Ke7 $17 31. b3 Kd6) 31. Ka1 $11 {The position is equal.} Ne3 32. Qg1 $36 {[%mdl 2048] b3 is the strong threat. White has good play.} Nc2+ 33. Kb1 Ne1+ 34. Ka1 {Black must now prevent b3.} Nc2+ 35. Kb1 {And now Qg8+ would win.} Ne3+ (35... Nd4+ $5 36. Ka1 Nc2+ $11) 36. Ka1 {Hoping for b3.} Nc2+ {Precision: White = 68%, Black = 61%.} 1/2-1/2